Readings in organizational behavior and performance
Guardat en:
| Autors principals: | , , |
|---|---|
| Format: | Llibre |
| Idioma: | anglès |
| Publicat: |
Santa Mónica
Goodyear Publishing
1977
|
| Matèries: | |
| Etiquetes: |
Afegir etiqueta
Sense etiquetes, Sigues el primer a etiquetar aquest registre!
|
MARC
| LEADER | 00000nam a2200000 a 4500 | ||
|---|---|---|---|
| 001 | UCR9547 | ||
| 003 | CL-VaPUC | ||
| 008 | 980613e19770000US |||||||||||||||||eng|d | ||
| 082 | 0 | 4 | |a 658.3 |b IVA |2 21 |
| 100 | |a Ivancevich, John M |e author |9 561246 | ||
| 700 | 0 | |a Szilagyi, Andrew D |e author |9 412192 | |
| 700 | 0 | |a Wallace, Marc J |e author |9 412193 | |
| 245 | 1 | 0 | |a Readings in organizational behavior and performance |
| 300 | |a 402 p | ||
| 942 | |c BK | ||
| 945 | |d 19980613 00:00:00 |a cmena | ||
| 260 | |a Santa Mónica |b Goodyear Publishing |c 1977 | ||
| 650 | 0 | |a Administración de empresas |9 260833 | |
| 650 | 0 | |a Comportamiento |9 308406 | |
| 650 | 0 | |a Relaciones laborales |9 335971 | |
| 650 | 0 | |a Estructura organizacional |9 390800 | |
| 650 | 0 | |a Liderazgo |9 271835 | |
| 650 | 0 | |a Motivación |9 315362 | |
| 583 | |a last modification |c 19980613 00:00:00 |k Rodrigo Vera | ||
| 999 | |c 270735 |d 270733 | ||
| 952 | |0 0 |1 0 |4 0 |6 658_300000000000000_IVA_1977 |7 0 |8 P |9 305130 |a BIBGIM |b BIBGIM |d 2019-11-20 |i 1415832 |o 658.3 IVA 1977 |p 1415832 |r 2025-01-15 |w 2019-11-20 |y BK |k COM | ||